| 000 | 00905nam a2200205Ii 4500 | ||
|---|---|---|---|
| 003 | JO-AjNU | ||
| 008 | 230605s9999||||xx |||||||||||||| ||und|| | ||
| 040 |
_aJO-AjNU _bara _erda _cJO-AjNU |
||
| 041 | _aara | ||
| 050 | 1 | 4 | _aK546.U7264.1967 |
| 100 | 3 |
_aإعداد وأشراف نزار عرابي, _eauthor _946670 |
|
| 245 | 0 | 0 | _aمجموعة تشريعات اصول المحاكمات مع جميع تعديلاتها: المجموعة الأولى، قانون أصول المحاكمات - قانون الرسوم والتأمينات القضائية - الاتفاقيات القضائية العربية |
| 264 | 3 | 1 | _aدمشق: مطبعة سميراميس، 1967 |
| 300 | _a304ص | ||
| 336 |
_atext _btxt _2rdacontent |
||
| 337 |
_aunmediated _bn _2rdamedia |
||
| 338 |
_avolume _bnc _2rdacarrier |
||
| 490 | 0 | _aالمكتبة القانونية | |
| 650 | 4 |
_aاصول المحاكمات _946671 |
|
| 999 |
_aA20321 _c23889 _d23889 |
||